00793nam a2200217 4500003001100000008004100011040003900052041000800091082001700099111006700116245005000183260004600233300002800279490002400307650005000331650003700381650004300418942000700461952009200468999001500560LK-CoMWRAF231226b2000 |||||||| |||| 00| 0 eng d aLK-CoMWRAFdLK-CoMWRAFeLK-CoMWRAF aeng a320.082bGEN a 'GENDER & DEMOCRACY'c(Windhoek, Namibiad9-11 February 2000) a Commonwealth Workshop on Gender & Democracy  aLondon:bCommonwealth Secretariat, c2000 a24 p. : ill., portraits aDeepening democracy aDemocracy- Commonwealth countries- Congresses aEquality -Commonwealth countries aWomen's rights- Commonwealth countries cCP 00104070aMAINbMAINd2023-12-26l0o320.082 GENpRAF4637r2023-12-26w2023-12-26yCP c4574d4574